Vista normal
Vista MARC
Entrada Topical Term
Número de registros utilizados en: 1
001 - CONTROL NUMBER
- control field: 30241
003 - CONTROL NUMBER IDENTIFIER
- control field: OSt
005 - DATE AND TIME OF LATEST TRANSACTION
- control field: 20231102145945.0
008 - FIXED-LENGTH DATA ELEMENTS
- fixed length control field: 160317|| aca||aabn | a|a d
040 ## - CATALOGING SOURCE
- Original cataloging agency: OSt
- Transcribing agency: OSt
150 ## - HEADING--TOPICAL TERM
- Topical term or geographic name entry element: GRAFOLOGÍA
- General subdivision: INVESTIGACIÓN CRIMINAL
670 ## - SOURCE DATA FOUND
- Source citation: Work cat.: (OSt): González Porras, Juan Fernando , autor. 22115, La Pericial en grafología en el sistema acusatorio, , 2015.